Ariana Grande - bad idea (lyrics) - Statistics

General Stats
  • This quiz has been taken 410 times
  • The average score is 119 of 153
Answer Stats
Answer % Correct
I
100%
A
99%
Bad
96%
Idea
96%
Go
95%
Got
94%
Me
94%
(Yeah,
92%
Yeah)
92%
Yeah,
92%
Yeah
92%
It
90%
It?
90%
It,
90%
You
89%
(You
89%
About
88%
Of
88%
Time
88%
Forget
87%
Away?
84%
'Bout
84%
Him,
84%
We
83%
I've
82%
Little
82%
Bit
81%
Take
81%
Don't
80%
(Don't
80%
And
76%
Been
75%
Can
75%
How
75%
Wanna
74%
Why
74%
Come
73%
Control
73%
I'm
72%
Lately
72%
Save
72%
Get
71%
Outta
71%
Roll
71%
Runnin'
71%
Somebody
71%
Somebody,
71%
Can't
70%
Let
70%
Sight
70%
With
70%
Quickly
68%
Tryna
68%
Would
68%
'Cause
67%
Find
67%
Gotta
67%
The
67%
Wishin'
67%
Worried
67%
Know
65%
Should
64%
Baby,
63%
To
62%
But
61%
But,
61%
Pain
59%
Will
57%
Will)
57%
This
56%
Boy,
55%
Temporary
53%
Real
52%
Shouldn't,
52%
Numb
51%
Trip
51%
Trip),
51%
Over
50%
(Ari-Chan)
49%
Isn't
49%
Feel
48%
Here
47%
Call
44%
Something
44%
I'ma
37%
Need
36%
Gimme
29%
(Uh-Huh)
24%
(Mmh,
22%
No matching quizzes found
Score Distribution
Percent of People with Each Score
Percentile by Number Answered
Your Score History
You have not taken this quiz